Chanteurs et chanteuses des années 1980 par images #1 - Statistiques

Statistiques générales
  • Ce quiz a été pris 234 fois
  • Le résultat moyen est 14 sur 24
Statistiques - réponses
Par images Réponse % Correct
Michael Jackson
95%
Mylène Farmer
88%
Vanessa Paradis
88%
Daniel Balavoine
86%
Renaud
86%
Michel Berger
80%
Francis Cabrel
76%
Gilbert Montagné
76%
Madonna
72%
Lio
67%
Lionel Richie
62%
Jeanne Mas
61%
Wham!
59%
Bonnie Tyler
55%
Cindy Lauper
52%
Eurythmics
48%
Bruce Springsteen
44%
Kim Wilde
36%
Joe Cocker
34%
Modern Talking
30%
Bananarama
28%
Kate Bush
26%
Genesis
20%
Pretenders
9%
Aucun quiz correspondant
Distribution des résultats
% des personnes avec chaque résultat
Percentile par nombre de réponses
Votre historique - résultats
Vous n’avez pas pris ce quiz